[Event "CRO-ch 2019"]
[Site "Bjelovar"]
[Date "2019.04.04"]
[Round "4.1"]
[White "Bosiocic, Marin"]
[Black "Stevic, Hrvoje"]
[Result "1-0"]
[WhiteElo "2613"]
[BlackElo "2586"]
[Annotator "TA"]
[PlyCount "235"]
[EventDate "2019.04.01"]
[EventType "tourn"]
[EventCountry "CRO"]
[SourceTitle "playchess.com"]
[Source "ChessBase"]
[SourceQuality "1"]

{[%evp 24,235,10,14,31,0,0,0,0,0,0,-7,-8,-10,0,-33,27,0,0,0,0,0,0,0,0,0,0,0,0,0,0,0,0,0,0,0,0,0,0,0,12,13,10,0,4,-4,26,26,33,33,33,0,6,0,20,27,33,33,33,33,33,33,37,33,33,0,36,12,48,33,33,33,33,33,58,33,45,33,33,19,33,33,33,33,33,25,25,27,41,41,62,41,41,25,30,14,19,21,14,-80,29,25,57,63,134,133,127,119,129,129,109,119,120,106,114,103,124,0,204,95,83,83,203,210,204,195,266,187,187,187,187,188,322,236,281,276,616,536,437,251,251,251,251,251,283,283,258,251,251,251,251,251,251,251,819,1308,857,884,1456,1388,3169,5093,2326,2325,1934,129,2289,2193,2200,2197,2325,2325,2422,1825,1784,2196,2196,1777,1777,1790,2023,2290,2821,2453,1814,118,1471,1457,29976,29977,29977,29976,29976,29967,29969,29970,29974,29973,29973,29974,29974,29975,29975,29974,29974,29975,29975,29976,29976,29977,29987,29988,29988,29989]} 1. e4 e5 2. Nf3 Nc6 3. Bb5 a6 4. Ba4 d6 5. O-O Bd7 6. d4 Nxd4 7. Bxd7+ Qxd7 8. Nxd4 exd4 9. Qxd4 Nf6 10. Nc3 Be7 {C72: Ruy Lopez: Deferred Steinitz: 5 0-0} 11. b3 (11. Bf4 O-O 12. Rad1 Qc6 13. Nd5 Nxd5 14. exd5 Qxc2 15. Rc1 Qf5 16. Rxc7 Bf6 17. Qd2 Rfc8 18. Rfc1 Rxc7 19. Rxc7 {0-1 (32) Howell,D (2687)-McShane,L (2669) Hull 2018 CBM 186 [Fernandez,D]}) 11... O-O 12. Bb2 c6 13. Rad1 {LiveBook: 3 Games} Qe6 14. Rd3 Rfe8 $146 ({Predecessor:} 14... Ne8 15. Rfd1 Rd8 16. Re3 Bg5 17. Ree1 Rd7 18. Na4 {1-0 (50) Garcia,R-Serra Olives,T Mar del Plata 1964}) 15. f3 Rad8 16. Kh1 d5 17. exd5 cxd5 18. Qf2 Bd6 19. Nd1 Be5 (19... Nh5 $15) 20. Bxe5 Qxe5 21. c3 Qe2 22. Rd2 Qe5 (22... Qe7 {looks sharper.} 23. Rd3 Qe2) 23. Kg1 Rd7 24. Rd3 Qe2 25. Rd2 Qe5 26. g3 Rde7 27. Qd4 Qf5 28. Kg2 Re5 29. Nb2 Re2+ 30. Rf2 Rxf2+ 31. Qxf2 Qe5 32. Rc2 h5 33. Nd3 Qf5 34. Qd4 Re7 (34... h4 $5) 35. h4 Qe6 36. Rd2 Qf5 37. Qf2 Qc8 38. Qd4 Rc7 39. Rc2 Qf5 40. Rc1 Re7 41. Nf4 Re8 42. Rd1 Re5 43. Qd2 Qc8 44. Qd4 Qf5 45. Qd3 Qc8 46. Kf2 Re8 47. Qd4 Qf5 48. Rd3 Qc8 49. Rd2 (49. Nxd5 Nxd5 50. Qxd5 Qh3 $17) 49... Qc7 50. Rc2 Qc6 51. Kg2 Rc8 52. Ne2 Re8 53. Qd2 Re5 54. Qf4 Qe8 55. Kf2 Nd7 56. Qd4 Nf6 57. Rd2 Qe7 58. Nf4 Re1 59. Nd3 Rh1 {And now ...Rh2+ would win.} 60. Kg2 Rb1 61. Qf2 {[#]} (61. Qe5 $11 Qd7 62. Re2) 61... Qe6 (61... Ng4 $1 $17 {[%cal Rg4f2][%mdl 512]} 62. Qc5 (62. fxg4 $2 Qe4+ 63. Qf3 Rg1+ 64. Kf2 Rf1+ 65. Kxf1 Qxf3+ 66. Nf2 Qxg3 $19) 62... Ne3+ 63. Kf2 Nd1+ 64. Kg2 Qe8) 62. Re2 $11 Qf5 63. Re3 a5 ({Better is} 63... Qd7 $14) 64. Qc2 $1 $16 {[%cal Rc2b1]} Ra1 65. Qb2 $1 {[%cal Rb2a1]} Rd1 {...Ne4! is the strong threat.} 66. Qe2 Ra1 67. Re5 $36 {[%mdl 2048] Keeping Black busy.} Qg6 68. Rg5 Rxa2 69. Qxa2 Qxd3 {[%mdl 4096] Endgame KQR-KQN} 70. Qb2 ({Much worse is} 70. Qxa5 $6 Qe2+ 71. Kg1 Qxf3 $11) (70. c4 $16) 70... Qe3 $2 (70... Ne4 $1 $11 {and Black is okay.} 71. fxe4 Qxe4+ 72. Kf2 f6) 71. Qc2 (71. c4 $18) 71... b5 72. Rf5 b4 {[#]} (72... Qe6 $16) 73. cxb4 $1 $18 axb4 74. Rf4 d4 (74... Qc3 $142 75. Qd1 Qb2+ 76. Kh3 Qc3) 75. Qf2 {Black must now prevent Qxe3.} Qxb3 {Threatens to win with ...d3.} 76. Rxd4 Nd5 77. Qd2 Nc3 (77... Ne3+ {is a better defense.} 78. Kf2 Nf5) 78. Rd8+ Kh7 79. Qg5 {[%cal Rg5h5]} Qc2+ $2 (79... g6 80. Qf6 Qa2+ 81. Kh3 Qe6+ 82. Qxe6 fxe6) 80. Rd2 Qg6 81. Qxg6+ (81. Qc5 $142) 81... Kxg6 {KR-KN} 82. Rd4 Na2 83. Rd5 f6 84. Rb5 Kh6 85. Rb6 Kg6 86. Kf2 Kf5 87. Rb5+ Kg6 88. Ke1 f5 $2 (88... Kh6 89. g4 hxg4 90. fxg4 Nc3 91. Rxb4 Nd5) 89. Rb6+ Kf7 90. Kd2 g6 91. Kd3 Kg7 92. f4 Kf7 93. Kc4 Nc3 {[#]} 94. Rd6 $2 (94. Kd4 $1 $18 {[%cal Rd4e5]} Ne4 95. Ke5 (95. Rxb4 Nxg3 96. Ra4 Ne4 $18)) 94... Ne2 $2 {[%mdl 8192]} (94... Ne4 $16 95. Rb6 Nd2+ 96. Kd5 (96. Kxb4 Ne4 $18) 96... Ne4) 95. Rd3 Nc3 96. Kxb4 Ne4 97. Kc4 Ke6 98. Ra3 Nd6+ 99. Kc5 {Intending Ra6 and mate.} Ne4+ 100. Kd4 Nf2 101. Ra6+ Kf7 102. Ke5 Ng4+ 103. Kd6 Nf2 104. Ra8 $2 (104. Ra7+ $18 {and White stays clearly on top.} Kf6 105. Kd5) 104... Ng4 $2 {[%mdl 8192]} (104... Ne4+ $16 105. Ke5 Kg7) 105. Ra7+ Kf8 106. Ke6 {White mates.} Kg8 107. Ke7 Kg7 108. Ke8+ Kg8 109. Rf7 Nh6 110. Rf8+ Kg7 111. Ke7 Ng4 112. Rf7+ Kg8 {[#]} 113. Rf6 $1 {[%mdl 512]} Kg7 (113... Nxf6 114. Kxf6) 114. Rf8 Nh6 115. Ra8 Ng4 116. Ke6 Kh7 117. Kf7 Nh6+ 118. Kf8 {Precision: White = 64%, Black = 43%.} 1-0

[Event "CRO-ch 2019"]
[Site "Bjelovar"]
[Date "2019.04.04"]
[Round "4.2"]
[White "Saric, Ivan"]
[Black "Jovanic, Ognjen"]
[Result "1-0"]
[WhiteElo "2691"]
[BlackElo "2515"]
[Annotator "TA"]
[PlyCount "105"]
[EventDate "2019.04.01"]
[EventType "tourn"]
[EventCountry "CRO"]
[SourceTitle "playchess.com"]
[Source "ChessBase"]
[SourceQuality "1"]

{[%evp 10,105,31,27,31,43,41,15,25,22,24,20,20,26,19,18,28,5,0,0,12,0,7,-6,0,0,18,18,26,0,66,22,66,34,85,85,92,87,104,96,106,100,108,79,79,79,79,87,81,87,112,76,81,75,72,72,78,75,69,61,67,12,85,10,58,55,66,24,73,35,66,0,0,2,143,143,143,143,143,143,143,143,250,250,253,247,453,442,843,834,834,793,6218,6632,1725,1147,941,954]} 1. e4 e5 2. Nf3 Nf6 3. Nxe5 d6 4. Nf3 Nxe4 5. d4 d5 6. Bd3 Bf5 {C42: Petroff Defence: 3 Nxe5 and unusual White 3rd moves} 7. O-O Be7 8. Nc3 O-O {The position is equal.} 9. Ne5 Nxc3 10. bxc3 Bxd3 11. cxd3 Nd7 12. Rb1 Rb8 13. a4 $146 ({Predecessor:} 13. Ng4 Nf6 14. Ne3 g6 15. g4 c6 16. f4 h5 17. f5 hxg4 18. Nxg4 Nh7 19. Bh6 Re8 20. fxg6 fxg6 21. Qf3 {1-0 (21) Yu,Y (2759)-Wei,Y (2734) Tianjin 2018}) 13... Bd6 14. f4 f6 15. Ng4 c6 16. c4 dxc4 17. dxc4 c5 18. d5 Qc7 19. g3 Rbe8 ({Black should play} 19... Nb6 $1 $11) 20. Nf2 Re7 21. Re1 Rfe8 (21... Rxe1+ $14 22. Qxe1 Nb6) 22. Rxe7 $16 Rxe7 23. Bd2 Nf8 24. Qc2 Qd7 25. Ne4 b6 26. Re1 Bc7 27. Bc3 {Threatens to win with Bxf6!} f5 28. Ng5 Rxe1+ 29. Bxe1 a6 30. Bf2 a5 31. Be1 Qe8 32. Kf2 Bd8 33. Nf3 Bf6 34. Bd2 g6 35. Qb3 ({Better is} 35. Qb1 $14 Nd7 36. Qb5) 35... Nd7 (35... Qe4 $11) 36. Qd3 (36. Qb5 $1 $16 {Strongly threatening Ne5!} Kf7 37. Qc6) 36... Qe7 37. h3 h5 38. Be3 Kf7 39. Qb1 Ke8 40. g4 (40. Bd2 $14) 40... hxg4 $11 41. hxg4 Qh7 {[#]} (41... Bd4 $11 42. Bxd4 cxd4) 42. g5 $1 $16 {[%cal Rg5f6]} Bc3 43. Qb5 Qe7 44. Qc6 $36 {[%mdl 2048] White has strong initiative.} Kf7 45. Bd2 Bd4+ (45... Bb2 $16 46. Be1 Kg7) 46. Kg3 $18 Kg7 {[#]} 47. Be1 $1 Kh7 $2 (47... Bb2 {was called for.} 48. Bf2 Bc1) 48. Bf2 {White is clearly winning.} Qg7 (48... Ba1 $142 49. Nh4 Nf8 50. Qxb6 Qe2) 49. Nxd4 cxd4 {[#]} 50. Bxd4 $1 {[%mdl 576] Double Attack} Qf7 (50... Qxd4 51. Qxd7+) 51. Qc8 {[%csl Gd4][%cal Rc8h8]} Nf8 52. Bxb6 Qe7 53. Qc7 {Accuracy: White = 54%, Black = 42%.} 1-0

[Event "CRO-ch 2019"]
[Site "Bjelovar"]
[Date "2019.04.04"]
[Round "4.3"]
[White "Zelcic, Robert"]
[Black "Kozul, Zdenko"]
[Result "1-0"]
[WhiteElo "2520"]
[BlackElo "2589"]
[Annotator "TA"]
[PlyCount "99"]
[EventDate "2019.04.01"]
[EventType "tourn"]
[EventCountry "CRO"]
[SourceTitle "playchess.com"]
[Source "ChessBase"]
[SourceQuality "1"]

{[%evp 15,99,16,54,39,42,29,53,0,21,15,24,0,0,0,0,0,0,0,0,0,0,0,0,0,2,10,7,15,54,0,91,91,94,89,87,96,111,110,111,112,112,111,125,121,106,108,110,86,112,113,131,99,100,95,87,81,103,86,156,141,139,139,95,116,120,48,354,358,360,335,345,374,347,356,366,337,329,345,322,327,1640,2266,2193,2087,1905,1713]} 1. e4 c5 2. Nf3 e6 3. Nc3 a6 4. d4 cxd4 5. Nxd4 d6 6. Bd3 Nd7 7. O-O Ngf6 8. Be3 {B42: Sicilian: Kan Variation: 5 Bd3} g6 {LiveBook: 3 Games} 9. Qd2 Bg7 10. Rad1 $146 {White is slightly better.} ({Predecessor:} 10. Bh6 O-O 11. Bxg7 Kxg7 12. Kh1 b5 13. f4 Bb7 14. a3 {½-½ (30) Balashov,Y (2515)-Bellon Lopez,J (2430) Hastings 1986}) 10... O-O 11. Bh6 (11. Be2 $14) 11... Qc7 12. Bxg7 Kxg7 13. Rfe1 b5 14. a4 b4 15. Na2 e5 16. Nb3 $36 {[%mdl 2048] Black is under pressure.} a5 17. Bb5 Nc5 18. Qxd6 Qxd6 19. Rxd6 Nxb3 20. cxb3 Be6 21. Nc1 Rfd8 22. Rd3 (22. Rxd8 $14 Rxd8 23. Nd3) 22... Rd4 (22... Rdc8 $11) 23. f3 Rc8 24. Rxd4 exd4 25. Ne2 d3 26. Nd4 d2 27. Rd1 Rc1 28. Be2 Nd7 29. Kf2 Nc5 30. Nxe6+ fxe6 31. Rxd2 Nxb3 $16 {[%mdl 4096] Endgame KRB-KRN} 32. Rd7+ Kf6 33. f4 e5 34. fxe5+ ({Of course not} 34. Rxh7 $6 exf4 35. Rd7 Rc2 $11) 34... Kxe5 35. Rd5+ Kf6 36. Ke3 Rc2 ({Better is} 36... Nc5) 37. Rb5 Rxb2 38. e5+ {[%cal Be4e5,Be5e6,Be6e7][%mdl 32]} Ke7 39. Bc4 {[#] Black must now prevent Rb7+.} Rc2 40. Bd5 ({White should play} 40. Bxb3 $16 {Rb7+ would kill now.} Rc3+ 41. Ke4 Rxb3 42. Rxa5) 40... Nc1 $2 {[%mdl 8192]} (40... Rc3+ $1 $14 41. Ke4 Nc5+ 42. Kd4 Nxa4) 41. Rb7+ $18 (41. Rxa5 b3 $16) 41... Kd8 42. e6 ({Less strong is} 42. Rxh7 b3 $16) 42... b3 43. e7+ ({Not} 43. Rxh7 Rc7 $16) 43... Ke8 44. Kd4 b2 {[#]} 45. Ke5 $1 {[%cal Re5f6] White threatens Kf6 and mate.} b1=Q 46. Rxb1 {Intending Ke6 and mate.} Kxe7 47. Rb7+ Ke8 $2 (47... Kf8 48. Rf7+ Ke8) 48. Kd6 {Threatening mate with Rb8+.White is clearly winning.} Kf8 49. Rf7+ Ke8 50. Rxh7 {Accuracy: White = 73%, Black = 58%.} 1-0

[Event "CRO-ch 2019"]
[Site "Bjelovar"]
[Date "2019.04.04"]
[Round "4.4"]
[White "Kurajica, Bojan"]
[Black "Jovanovic, Zoran"]
[Result "1/2-1/2"]
[WhiteElo "2522"]
[BlackElo "2511"]
[Annotator "TA"]
[PlyCount "24"]
[EventDate "2019.04.01"]
[EventType "tourn"]
[EventCountry "CRO"]
[SourceTitle "playchess.com"]
[Source "ChessBase"]
[SourceQuality "1"]

{[%evp 9,24,35,42,37,47,43,34,0,0,0,0,-2,3,3,0,-11,-25]} 1. d4 d6 2. g3 g6 3. Bg2 Bg7 4. Nf3 Nc6 5. O-O e5 6. dxe5 {A41: 1 d4 d6: Tartakower System and Modern Defence} dxe5 7. Qxd8+ (7. Nc3 Bd7 8. Nd5 Nce7 9. c4 c6 10. Nc3 Bf5 11. Qb3 Qc7 12. e4 Bg4 13. Be3 Bh6 {1-0 (35) Zhou,J (2597)-Lu,S (2641) Sanya 2017}) 7... Nxd8 8. Na3 $146 {And now Nb5 would win.White is slightly better.} ({Predecessor:} 8. Nc3 Bd7 9. Bg5 f6 10. Be3 Ne7 11. Nd2 Nf5 12. Bc5 Ne6 13. b4 Bc8 {½-½ (41) Gunina,V (2540)-Paehtz,E (2467) Bilbao 2014}) 8... Bd7 {The position is equal.} 9. Rd1 Ne7 10. c3 f6 11. Ne1 Ndc6 12. e4 O-O-O 1/2-1/2

[Event "CRO-ch 2019"]
[Site "Bjelovar"]
[Date "2019.04.04"]
[Round "4.5"]
[White "Brkic, Ante"]
[Black "Martinovic, Sasa"]
[Result "1/2-1/2"]
[WhiteElo "2560"]
[BlackElo "2555"]
[Annotator "TA"]
[PlyCount "42"]
[EventDate "2019.04.01"]
[EventType "tourn"]
[EventCountry "CRO"]
[SourceTitle "playchess.com"]
[Source "ChessBase"]
[SourceQuality "1"]

{[%evp 24,42,0,0,0,0,0,0,0,0,0,0,0,0,0,0,0,0,0,0,0]} 1. e4 e5 2. Nf3 Nc6 3. Bc4 Bc5 {[%cal Bf8c5,Bc5b6,Bb6a5][%mdl 32]} 4. c3 Nf6 5. d4 exd4 6. e5 d5 7. Bb5 Ne4 8. cxd4 Bb6 9. Nc3 O-O 10. Be3 {C54: Giuoco Piano: 4 c3 Nf6, main lines with 5 d4 and 5 d3} Bg4 11. h3 Bh5 12. Qc2 Ba5 (12... Bg6 13. Qb3 Ne7 14. O-O c6 15. Bd3 Nd2 16. Nxd2 Bxd3 17. Rfd1 Bg6 {0-1 (58) Aronian,L (2767)-Nakamura,H (2777) chess.com INT 2018}) 13. O-O {LiveBook: 3 Games. The position is equal.} Bxf3 14. gxf3 Nxd4 15. Bxd4 Qg5+ $1 16. Kh1 Bxc3 $1 17. bxc3 Qf5 $1 {Threatens to win with ...Ng3+!} 18. fxe4 Qxh3+ 19. Kg1 {[%cal Bh1g1,Bg1h2,Bh2g2][%mdl 32]} Qg4+ {[%mdl 64] [#] Double Attack} 20. Kh2 Qh4+ 21. Kg2 Qg4+ $146 1/2-1/2

[Event "CRO-ch 2019"]
[Site "Bjelovar"]
[Date "2019.04.11"]
[Round "4.6"]
[White "Saric, Ante"]
[Black "Kovacevic, Blazimir"]
[Result "1/2-1/2"]
[WhiteElo "2530"]
[BlackElo "2475"]
[Annotator "TA"]
[PlyCount "241"]
[EventDate "2019.04.01"]
[EventType "tourn"]
[EventCountry "CRO"]
[SourceTitle "playchess.com"]
[Source "ChessBase"]
[SourceQuality "1"]

{[%evp 9,241,7,9,7,23,11,14,12,22,29,18,7,14,10,35,8,9,10,26,4,4,7,10,14,10,9,6,5,3,3,6,0,0,0,6,0,15,0,8,0,6,6,8,0,0,-73,0,0,0,0,0,0,0,0,89,89,89,89,89,89,89,89,89,89,89,89,89,89,89,89,89,89,89,0,89,33,47,41,41,18,54,0,48,41,48,48,48,48,48,48,48,48,81,81,56,56,56,0,0,0,0,0,0,0,0,0,81,81,81,81,81,81,81,81,81,81,81,81,81,81,81,0,0,0,81,81,81,81,81,81,81,0,81,81,81,81,81,0,81,0,81,0,81,81,81,81,81,81,81,81,81,81,81,81,81,81,81,81,81,81,81,81,81,0,81,81,81,0,0,0,0,0,0,0,0,0,0,0,0,0,0,0,0,0,0,0,0,0,0,0,0,0,0,0,0,0,5231,0,7,0,0,0,0,0,0,0,0,0,0,0,0,0,0,0,0,0,0,0,0,0,0,0,0,0,0,0,0,0,0,0,0,0,0,0]} 1. Nf3 d5 2. e3 c5 3. b3 Nf6 4. Bb2 g6 5. c4 dxc4 6. Bxc4 {A06: Réti Opening:1 Nf3 d5} Bg7 7. O-O Nc6 8. d4 cxd4 9. Nxd4 Nxd4 10. Bxd4 O-O 11. Nd2 $146 ({Predecessor:} 11. Nc3 Bd7 12. Nd5 Bc6 13. Nxf6+ Bxf6 14. Bxf6 exf6 15. Qxd8 Rfxd8 {0-1 (48) Topalov,V (2793)-Carlsen,M (2868) Stavanger 2013}) 11... Bd7 12. Qe2 Ne8 13. Bxg7 Kxg7 14. Ne4 Bc6 15. Qb2+ Kg8 16. Rfd1 Qb6 17. Bd5 Rd8 18. Bxc6 Rxd1+ 19. Rxd1 Qxc6 $40 {[%mdl 128] Black has some attack.} 20. Qe5 (20. f3 {feels hotter.} f5 21. Ng5 h6 22. Nh3 Qc5 23. Re1) 20... Nf6 21. Nxf6+ exf6 $11 {[%mdl 4096] Endgame KQR-KQR} 22. Qd4 (22. Qd5 {keeps more tension.} Qc2 23. g4 Qe2 24. Qd7 Kg7 25. Rd2) 22... a6 23. h4 h5 24. Qd7 Rc8 25. g3 Kg7 26. Rd6 Qc1+ 27. Kg2 (27. Rd1 $11 Qc2 28. Rd2 Qc1+ 29. Kg2) 27... Rc6 (27... Rc2 $1 $17 28. Qxb7 Qxe3) 28. Rxc6 bxc6 {KQ-KQ} 29. Qd3 Qa3 30. Qc2 a5 31. Kf3 Kf8 (31... f5 $11 {keeps the balance.}) 32. Qxc6 $16 Qxa2 33. Qxf6 Qxb3 34. Qd8+ Kg7 35. Qxa5 Qb7+ 36. Ke2 Qe4 37. Qc3+ Kg8 38. Qd4 Qc6 39. e4 Qc1 40. Qd8+ Kg7 41. Qd4+ Kg8 $1 42. Kf3 (42. Qd5 $16) 42... Qh1+ $1 $14 43. Kf4 Qc1+ 44. Ke5 (44. Qe3 $5 {[%cal Re3c1]} Qc7+ 45. Kf3 $16) 44... Qc6 45. Kf4 Qc1+ 46. Qe3 Qd1 47. Qc3 Qe2 48. Qd4 Kh7 49. Ke5 Qa2 50. Qe3 Qe6+ 51. Kd4 Qd6+ 52. Kc3 Qd1 53. Qd2 (53. Qf4 $14) 53... Qf3+ $1 $11 54. Kd4 f5 $1 55. Qe3 Qg4 56. Ke5 fxe4 $1 57. Qxe4 Qd7 (57... Qd1 $1 $11) 58. Kf4 $1 $16 Qd2+ 59. Kf3 Qd1+ 60. Kg2 Qd7 61. Qf3 Qe7 62. Qd5 Kg7 63. Kf3 Kh7 64. Qd4 Qf7+ 65. Qf4 (65. Ke2 $16) 65... Qd5+ $1 $11 66. Qe4 (66. Ke2 {with more complications.} Qb5+ 67. Ke1 Qb1+ 68. Ke2 Qb5+) 66... Qf7+ (66... Qd1+ $1 $11 67. Kf4 Qd6+ 68. Ke3 Qa3+ 69. Kd2 Qa5+ 70. Ke2 Qc5) 67. Ke3 Qd7 68. Qe5 Qf7 69. Ke2 Qc4+ 70. Ke3 Qf7 $1 71. Qd6 Qa7+ 72. Qd4 Qe7+ 73. Qe4 ({White should try} 73. Kd2 $16) 73... Qa7+ (73... Qd7 $1 $11) 74. Kf3 (74. Ke2 {is more complex.} Qa3 75. Kf1 Qa1+ 76. Kg2 Kg7 77. Qf3) 74... Qf7+ $1 75. Kg2 (75. Ke2 {with more complications.} Qa2+ 76. Kf1 Qa1+ 77. Kg2 Kg7 78. Qf3) 75... Qd7 $1 76. Qf4 Qb7+ 77. Kh2 Qa7 78. Qf6 Qd7 79. Qe5 Qf7 80. Kg1 Qd7 81. Kg2 Qb7+ 82. Kf1 Qd7 83. Ke2 Qf7 84. Qd4 Qe7+ 85. Kd2 (85. Qe3 {with more complications.} Qd7 86. Qe4 Qb5+ 87. Qd3 Qb2+ 88. Kf1) 85... Qf7 86. Kc3 (86. Ke1 $16) 86... Qc7+ (86... Qf3+ $11 {remains equal.} 87. Kc4 Qf5) 87. Kd3 $16 Qf7 {[#]} 88. Kc3 ({Better is} 88. Kd2 $1 $16) 88... Qc7+ 89. Kb4 (89. Kb2 {is interesting.} Qc6 90. Kb3 Qf3+ 91. Ka4 Qc6+ 92. Kb4) 89... Qb7+ 90. Ka5 Qc7+ 91. Ka6 Qc8+ 92. Kb5 Qc7 93. Qc5 Qb7+ 94. Qb6 Qd5+ 95. Ka6 {And now Qb7+ would win.} (95. Ka4 {is interesting.} Qe4+ 96. Kb5 Kg8 97. Qd8+ Kh7 98. Qc7+) 95... Qd3+ 96. Ka7 Kg7 97. Kb8 Qe2 98. Qd4+ Kh7 99. Kc8 Qa6+ 100. Kd7 Qe2 101. Qc5 {Qe7+ is the strong threat.} (101. f4 {looks sharper.} Qf3 102. Ke8 Qa8+ 103. Qd8 Qa1 104. Kf7) 101... Qd3+ 102. Ke8 Kg8 $2 {[%mdl 8192] [#]} (102... Qf3 $11) 103. Qe5 $2 (103. Qf8+ $1 $18 Kh7 104. Qe7+ Kg8 105. Qe6+ Kg7 106. Qd7+ Qxd7+ 107. Kxd7) 103... Qc2 {The position is equal.} 104. Qd5+ Kg7 105. Qf7+ Kh6 106. f4 Qc8+ 107. Ke7 {aiming for Qf8+.} Qc5+ 108. Kd8 Qb6+ 109. Kd7 Qb7+ 110. Ke6 Qc6+ 111. Ke5 Qc3+ {[%mdl 64] Double Attack} 112. Kd6 Qxg3 113. Qf8+ Kh7 {( -> ...Qa3+)} 114. Qe7+ Kg8 115. Qe6+ (115. Qe8+ {seems wilder.} Kh7 116. Qe7+) 115... Kg7 116. Qe5+ Kf7 117. Qe7+ Kg8 118. Qe8+ Kg7 119. Qe5+ Kf7 120. Qd5+ Kg7 121. Qe5+ {Accuracy: White = 53%, Black = 79%.} 1/2-1/2

[Event "CRO-ch 2019"]
[Site "Bjelovar"]
[Date "2019.04.05"]
[Round "5.1"]
[White "Kovacevic, Blazimir"]
[Black "Bosiocic, Marin"]
[Result "0-1"]
[WhiteElo "2475"]
[BlackElo "2613"]
[Annotator "TA"]
[PlyCount "68"]
[EventDate "2019.04.01"]
[EventType "tourn"]
[EventCountry "CRO"]
[SourceTitle "playchess.com"]
[Source "ChessBase"]
[SourceQuality "1"]

{[%evp 10,68,9,10,15,7,14,3,14,15,24,-7,-11,-22,-20,-16,-24,-29,0,0,0,0,16,0,0,-5,-7,-8,0,-31,-6,-17,-12,-11,-14,-22,-30,-22,-27,-21,-14,-39,-22,-52,-33,-31,-41,-41,11,0,0,-499,-490,-490,-483,-431,-361,-29991,-29992,-29992,-963]} 1. Nf3 d5 2. g3 Bg4 3. Bg2 c6 4. O-O e6 5. d4 Nf6 6. Nbd2 Be7 {D02: 1 d4 d5 2 Nf3 sidelines, including 2...Nf6 3 g3 and 2...Nf6 3 Bf4} 7. Re1 O-O 8. e4 Bh5 {The position is equal.} 9. c3 a5 {[%cal Ba7a5,Ba5a4][%mdl 32]} 10. h3 $146 ({Predecessor:} 10. a4 Na6 11. Qb3 Rb8 12. Ne5 Nd7 13. Nd3 Bg5 14. h4 {½-½ (31) Sedlak,N (2604)-Galyas,M (2495) Budapest 2018}) 10... a4 11. exd5 cxd5 12. g4 Bg6 13. Ne5 Nbd7 14. Nxg6 hxg6 15. a3 Qc7 16. Nf1 Bd6 17. g5 Nh5 18. Bf3 Nf4 19. Bg4 Nb6 20. h4 Rae8 21. Bxf4 Bxf4 22. Qd3 Nc4 23. Re2 e5 24. dxe5 Rxe5 25. Bf3 Rd8 (25... Qc8 $5 {[%cal Rc8h3]} 26. Qd4 Rxe2 27. Bxe2 Re8 $15) 26. Qc2 Qd7 $36 {[%mdl 2048] ...Qh3 is the strong threat. Black has some pressure.} 27. Kg2 $1 d4 28. cxd4 $1 Qxd4 ({Better is} 28... Rxe2 $15 29. Bxe2 Nd6) 29. Rxe5 $1 $11 Nxe5 (29... Qxe5 $2 {loses.} 30. Qxc4 b5 31. Qe2 $18) 30. Bxb7 $2 {[%mdl 8192] [#]} (30. Rd1 $11 {and White is okay.} Nd3 31. Bxb7) 30... Qd7 $19 31. Bf3 Nxf3 32. Kxf3 Qh3+ 33. Kxf4 $2 {[#]} (33. Ng3 $19 Bxg3 34. fxg3) 33... Rd4+ 34. Ke5 Rxh4 {Accuracy: White = 47%, Black = 49%.} (34... Qxh4 $142 35. Qc8+ Kh7 36. Qh3 f6+ 37. gxf6 gxf6+ 38. Ke6 Qxh3+ 39. Kf7 Qd7+ 40. Kxf6 Re4 41. Nh2 Qf5#) 0-1

[Event "CRO-ch 2019"]
[Site "Bjelovar"]
[Date "2019.04.05"]
[Round "5.2"]
[White "Martinovic, Sasa"]
[Black "Saric, Ante"]
[Result "1-0"]
[WhiteElo "2555"]
[BlackElo "2530"]
[Annotator "TA"]
[PlyCount "95"]
[EventDate "2019.04.01"]
[EventType "tourn"]
[EventCountry "CRO"]
[SourceTitle "playchess.com"]
[Source "ChessBase"]
[SourceQuality "1"]

{[%evp 20,95,24,28,8,0,0,0,0,0,0,0,0,0,0,0,0,0,0,-2,0,-13,0,0,0,0,62,53,66,9,45,43,166,159,120,86,159,146,133,44,206,195,200,70,184,172,204,202,798,762,735,656,1706,1713,1548,900,896,895,885,858,820,804,29980,29981,29982,29983,29983,29984,29984,29985,29985,29986,29986,29987,29987,29986,29981,29982]} 1. d4 d5 2. c4 e6 3. Nc3 Nf6 4. cxd5 Nxd5 5. e4 Nxc3 6. bxc3 c5 7. Nf3 cxd4 8. cxd4 Bb4+ 9. Bd2 Bxd2+ 10. Qxd2 O-O 11. Rc1 b6 {D41: Queen's Gambit Declined: Semi-Tarrasch with 5 cxd5} 12. Qe3 Bb7 13. Bd3 Nc6 {The position is equal.} 14. O-O Rc8 15. h4 Qe7 16. h5 h6 17. Bb1 Rfd8 {[#]} 18. Rfd1 $146 ({Predecessor:} 18. d5 exd5 19. e5 {1-0 (27) Giri,A (2790)-Harikrishna,P (2763) Shamkir 2016}) 18... Nb8 19. Qf4 Nd7 20. Rxc8 Rxc8 21. d5 exd5 22. exd5 Qf6 (22... Re8 $11) 23. Qe4 $1 $14 {[%cal Re4h7] And now Qh7+ would win.} Nf8 24. Ne5 (24. Nh4 $1 $14) 24... Qg5 25. Qf5 f6 ({Black should play} 25... Qxf5 $14 26. Bxf5 Rc5) 26. Nc6 $1 $18 {[%cal Rc6e7] Hoping for Ne7+.} Re8 27. Qxg5 ({Much worse is} 27. Nxa7 $6 Bxd5 28. Qxd5+ Qxd5 $11) 27... hxg5 (27... fxg5 $142 28. Bc2 Nd7) 28. Bf5 $16 Kf7 {[#]} 29. g4 (29. f3 $1 $16) 29... Bc8 $2 (29... g6 $14 30. Bb1 Kg7) 30. Bxc8 $18 Rxc8 31. Nxa7 {[%mdl 4096] Endgame KRN-KRN} (31. Rc1 $18 Ra8 32. Re1) 31... Ra8 {[#]} (31... Rc4 $14) 32. Nc6 $1 Rxa2 33. Re1 f5 $2 (33... b5 34. Kg2 Kg8) 34. Nd8+ Kf6 35. Re8 Ra8 36. Rxf8+ {KRN-KR} Ke7 37. Rf7+ {[%mdl 64] Double Attack} Kd6 38. Nb7+ Kxd5 39. Rxf5+ Kc6 40. Rxg5 Kxb7 41. Rxg7+ {KR-KR. White mates.} Kc6 42. h6 b5 43. h7 Rh8 44. g5 b4 45. g6 b3 46. Re7 b2 47. Re1 Ra8 48. Kg2 {Accuracy: White = 68%, Black = 36%.} 1-0